| 000 | 01532nam a22002417a 4500 | ||
|---|---|---|---|
| 999 |
_c57021 _d57021 |
||
| 003 | Ge_BSU | ||
| 005 | 20230127120730.0 | ||
| 008 | 191017s2019 ge ||||| |||| 00| 0 geo d | ||
| 020 | _a9789941964459 | ||
| 041 | _ageo | ||
| 080 | _a341.231.14+343.1(063) გ-35 | ||
| 245 |
_aგერმანულ-ქართული სამართლის დიალოგი : სისხლის სამართალი და ადამიანის უფლებები : _bკონფერენციის მასალები / _cრედ : ბაჩანა ჯიშკარიანი ; მარტინ პაულ ვასმერიმ ; მთარგმ : თამარ ასათიანი. |
||
| 264 |
_aთბილისი : _bსაქართველოს უნივერსიტეტის გამომცემლობა, _c2019. |
||
| 300 |
_a254 გვ.: _c20 სმ. |
||
| 546 | _aქარტულ და ინგლისურ ენაზე. | ||
| 653 | _aსამართალი | ||
| 653 | _aადამიანი უფლებები | ||
| 653 | _aსისხლის სამართალი | ||
| 700 |
_aჯიშკარიანი, ბაჩანა _eრედაქტორი _94792 |
||
| 700 |
_aვასმერი , მარტინ პაულ _eრედაქტორი _94797 |
||
| 700 |
_a ასათიანი , თამარ _eმთარგმნელი _94798 |
||
| 942 |
_2udc _cBK |
||